|
|
|
|
| LEADER |
01626nam a22004094a 4500 |
| 001 |
28356 |
| 003 |
BD-DhAAL |
| 005 |
20220105095233.0 |
| 008 |
150611s2007 njua bf 001 0 eng |
| 999 |
|
|
|c 34692
|d 34692
|
| 010 |
|
|
|a 2006030898
|
| 015 |
|
|
|a GBA718584
|2 bnb
|
| 016 |
7 |
|
|a 101287638
|2 DNLM
|
| 016 |
7 |
|
|a 013689120
|2 Uk
|
| 020 |
|
|
|a 9780471213864
|
| 020 |
|
|
|a 0471213861
|
| 035 |
|
|
|a (OCoLC)71466575
|
| 040 |
|
|
|a DNLM/DLC
|c DLC
|d NLM
|d BAKER
|d UKM
|d BTCTA
|d C#P
|d AGL
|d YDXCP
|d MUQ
|d DLC
|d BD-DhAAL
|
| 042 |
|
|
|a pcc
|
| 050 |
0 |
0 |
|a RS380
|b .G33 2007
|
| 070 |
0 |
|
|a RS380
|b .H36 2007
|
| 082 |
0 |
0 |
|a 615.19
|2 22
|
| 245 |
0 |
0 |
|a Handbook of pharmaceutical biotechnology /
|c edited by Shayne Cox Gad.
|
| 260 |
|
|
|a Hoboken, N.J. :
|b Wiley-Interscience,
|c c2007.
|
| 300 |
|
|
|a xix, 1659 pages :
|b illustrations ;
|c 26 cm.
|
| 504 |
|
|
|a Includes bibliographical references and index.
|
| 541 |
|
|
|e 29356
|
| 650 |
|
0 |
|a Pharmaceutical biotechnology
|v Handbooks, manuals, etc.
|9 11939
|
| 650 |
1 |
2 |
|a Drug Design.
|9 11940
|
| 650 |
2 |
2 |
|a Biotechnology.
|9 7911
|
| 650 |
2 |
2 |
|a Chemistry, Pharmaceutical.
|9 11941
|
| 650 |
2 |
2 |
|a Pharmacy.
|9 43978
|
| 700 |
1 |
|
|a Gad, Shayne C.,
|d 1948-
|9 11521
|
| 852 |
|
|
|a Ayesha Abed Library
|
| 942 |
|
|
|2 ddc
|c BK
|
| 952 |
|
|
|0 0
|1 0
|2 ddc
|4 0
|6 615_190000000000000_PHA
|7 0
|9 54257
|a BRACUL
|b BRACUL
|c GEN
|d 2015-06-11
|e Karim International
|g 14800.00
|l 1
|m 17
|o 615.19 PHA
|p 3010029356
|r 2017-05-23
|s 2017-01-18
|t 1
|w 2015-06-11
|y BK
|
| 952 |
|
|
|0 0
|1 0
|2 ddc
|4 0
|6 615_190000000000000_PHA
|7 0
|9 54258
|a BRACUL
|b BRACUL
|c GEN
|d 2015-06-11
|e Karim International
|g 14800.00
|l 3
|m 15
|o 615.19 PHA
|p 3010029357
|r 2025-11-25
|s 2025-10-30
|t 2
|w 2015-06-11
|y BK
|